Ces pilotes de F1 ont-ils déjà fait un podium ? - Statistiques

Statistiques générales
  • Ce quiz a été pris 4 155 fois
    1 196 depuis la dernière actualisation
  • Le résultat moyen est 15 sur 18
Statistiques - réponses
Hint Réponse % Correct
Daniel Ricciardo Oui
97%
Carlos Sainz Oui
97%
Sergio Perez Oui
97%
Pierre Gasly Oui
96%
Kimi Raikkonen Oui
96%
Esteban Ocon Oui
95%
Nico Hülkenberg Oui
90%
Guanyou Zhou Non
89%
Nicholas Latifi Non
84%
Lance Stroll Oui
82%
Stoffel Vandoorne Non
79%
Brendon Hartley Non
78%
Marcus Ericsson Non
76%
Romain Grosjean Oui
75%
Yuki Tsunoda Non
74%
Pastor Maldonado Oui
72%
Franck Montagny Non
71%
Kevin Magnussen Oui
66%
Aucun quiz correspondant
Distribution des résultats
% des personnes avec chaque résultat
Percentile par nombre de réponses
Votre historique - résultats
Vous n’avez pas pris ce quiz depuis la dernière actualisation